Adoración : (Record no. 28729)

MARC details
000 -LEADER
campo de control de longitud fija 00907ntaaa2200253 4500
003 - IDENTIFICADOR DE NÚMERO DE CONTROL
campo de control 01
005 - FECHA Y HORA DE LA ÚLTIMA TRANSACCIÓN
campo de control 20251027203324.0
008 - DATOS DE LONGITUD FIJA--INFORMACIÓN GENERAL
campo de control de longitud fija 0714s1973 ag 01
040 ## - FUENTE DE CATALOGACIÓN
Centro catalogador/agencia de origen AR-BaBN
Lengua de catalogación spa
Centro/agencia transcriptor AR-BaBN
Normas de descripción aacr
Centro/agencia modificador RIC
082 ## - NÚMERO DE LA CLASIFICACIÓN DECIMAL DEWEY
Número de clasificación 264 G93
100 ## - ENTRADA PRINCIPAL--NOMBRE DE PERSONA
Nombre de persona Guevara, Ester
9 (RLIN) 36720
245 ## - MENCIÓN DEL TÍTULO
Título Adoración :
Resto del título una cuestión vital /
Mención de responsabilidad, etc. Ester Guevara, dirigido por Dina De Carro
260 ## - PUBLICACIÓN, DISTRIBUCIÓN, ETC.
Lugar de publicación, distribución, etc. Buenos Aires,
Fecha de publicación, distribución, etc. 1993
300 ## - DESCRIPCIÓN FÍSICA
Extensión 102 h. ;
Dimensiones 29 cm.
500 ## - NOTA GENERAL
Nota general Incluye notas a pie de página bibliográficas
500 ## - NOTA GENERAL
Nota general Bibliografía: h. 100-102
502 ## - NOTA DE TESIS
Nota de tesis (licenciatura)-Seminario Internacional Teológico Bautista, Buenos Aires, 1993
505 ## - NOTA DE CONTENIDO CON FORMATO
Título Parte I. Una perspectiva neotestamentaria de la Iglesia
505 ## - NOTA DE CONTENIDO CON FORMATO
Título Parte II. Un enfoque de una nueva perspectiva de adoración en la Iglesia neotestamentaria
650 ## - PUNTO DE ACCESO ADICIONAL DE MATERIA--TÉRMINO DE MATERIA
Término de materia o nombre geográfico como elemento de entrada TESIS
650 ## - PUNTO DE ACCESO ADICIONAL DE MATERIA--TÉRMINO DE MATERIA
Término de materia o nombre geográfico como elemento de entrada ADORACION
700 ## - ENTRADA AGREGADA--NOMBRE PERSONAL
Nombre de persona De Carro, Dina
Término indicativo de función/relación director
9 (RLIN) 36721
942 ## - ELEMENTOS DE ENTRADA SECUNDARIOS (KOHA)
Tipo de ítem Koha Colección General
Holdings
Estatus retirado Estado de pérdida Estado de daño No para préstamo Biblioteca de origen Biblioteca actual Fecha de adquisición Número de inventario Total de préstamos Signatura topográfica completa Código de barras Visto por última vez Precio de reemplazo Tipo de ítem Koha
        Biblioteca Pluis Biblioteca Pluis 27/10/2025 045262   264 G93 045262 27/10/2025 27/10/2025 TESINAS Y TFI